Project manager`s portable handbook

Saved in:
Bibliografiske detaljer
Main Authors: Cleland, David I (Author), Ireland, Lewis R (Author)
Format: Bog
Sprog:engelsk
Udgivet: Nueva York McGraw-Hill 2010
Udgivelse:3a. ed
Fag:
Tags: Tilføj Tag
Ingen Tags, Vær først til at tagge denne postø!

MARC

LEADER 00000cam a2200000 a 4500
001 UCC4887
003 CL-VaPUC
008 180831e20100000us |||||||||||||||||eng|d
020 |a 9780071741057 
082 0 4 |a 658.404  |b CLE  |2 21 
100 0 |a Cleland, David I  |e author  |9 599095 
700 0 |a Ireland, Lewis R  |e author  |9 599096 
245 1 0 |a Project manager`s portable handbook 
250 |a 3a. ed 
300 |a 442 p 
942 |c BK 
945 |d 20180831 12:04:00  |a dcastane 
260 |a Nueva York  |b McGraw-Hill  |c 2010 
650 0 |a Gestión de proyectos  |9 260970 
650 7 |a CONTROL DE PROYECTOS  |2 CL-VaPUC  |9 429782 
650 0 |a Optimización  |9 339671 
650 7 |a PLANIFICACION DE PROYECTOS  |2 CL-VaPUC  |9 364615 
583 |a last modification  |c 20180831 12:04:00  |k Rodrigo Vera 
999 |c 372272  |d 372270 
952 |0 0  |1 0  |3 erb  |4 0  |6 658_404000000000000_CLE_2010  |7 0  |8 A  |9 489615  |a BIBING  |b BIBING  |i 5493420  |o 658.404 CLE 2010  |p 5493420  |r 2025-01-20  |w 2019-11-24  |y BK  |z Catalogado en:20180831  |k CIC 
952 |0 0  |1 0  |3 erb  |4 0  |6 658_404000000000000_CLE_2010  |7 0  |8 A  |9 489616  |a BIBING  |b BIBING  |i 5493412  |o 658.404 CLE 2010  |p 5493412  |r 2025-01-20  |w 2019-11-24  |y BK  |z Catalogado en:20180831  |k CIC